| 000 | 00715nam a2200193 a 4500 | ||
|---|---|---|---|
| 001 | 000025321 | ||
| 003 | OSt | ||
| 005 | 20200930023715.0 | ||
| 008 | 101216s2000 mx a r 000 | spa d | ||
| 040 |
_aDO-SdBNP _bspa _cBNPHU |
||
| 082 |
_a338.4 _bA269L |
||
| 245 | 0 | 0 |
_a¿Aglomeraciones locales o clusters globales? : _bevolución empresarial e institucional en el norte de México / _ccoordinador Jorge Carrillo. |
| 260 |
_aMéxico, D. F. : _bEl Colegio de la Frontera Norte , _bUniversidad Autónoma de Ciudad Juárez, _bFundación Friedrich Ebert, _c2000. |
||
| 300 |
_a233 p. ; _c21 cm. |
||
| 650 | 4 |
_aIndustrias de servicios _951861 |
|
| 700 | 1 |
_aCarrillo, Jorge, _947761 |
|
| 942 |
_2ddc _cLF1 |
||
| 956 | _aLOPEREZ | ||
| 999 |
_c24813 _d24813 |
||